Global strategic planning : cultural perspectives for profit and nonprofit organizations /

Bibliographic Details
Main Author: Katsioloudes, Marios I.
Format: Book
Language:English
Published: Boston : Butterworth-Heinemann, [2002]
Series:Managing cultural differences series.
Subjects:

MARC

Tag First Indicator Second Indicator Subfields
LEADER 00000cam a22000004a 4500
001 in00001663131
005 20151023125441.0
008 010713s2002 maua b 001 0 eng
010 |a  2001043005 
015 |a GBA2-05484 
020 |a 075067413X (alk. paper) 
035 |a (OCoLC)ocm47643716 
040 |a DLC  |c DLC  |d C#P  |d UKM  |d TXA  |d UtOrBLW 
042 |a pcc 
049 |a TXAM 
050 0 0 |a HD30.28  |b .K3755 2002 
082 0 0 |a 658.4/012  |2 21 
100 1 |a Katsioloudes, Marios I. 
245 1 0 |a Global strategic planning :  |b cultural perspectives for profit and nonprofit organizations /  |c Marios I. Katsioloudes. 
264 1 |a Boston :  |b Butterworth-Heinemann,  |c [2002] 
264 4 |c ©2002 
300 |a xix, 396 pages :  |b illustrations ;  |c 25 cm. 
336 |a text  |b txt  |2 rdacontent 
337 |a unmediated  |b n  |2 rdamedia 
338 |a volume  |b nc  |2 rdacarrier 
490 1 |a Managing cultural differences series 
504 |a Includes bibliographical references and index. 
650 0 |a Strategic planning. 
650 0 |a Nonprofit organizations. 
650 0 |a Globalization. 
830 0 |a Managing cultural differences series. 
994 |a E0  |b TXA 
948 |a cataloged  |b h  |c 2002/2/20  |d c  |e bwalker  |f 1:01:47 pm 
999 |a MARS 
999 f f |s 018b4588-f071-3713-bd79-6dc36984c88f  |i bc24adbf-0e97-38b0-adf5-df78d6c0c50e  |t 0 
952 f f |p ric  |a Texas A&M University  |b Rellis Campus  |c Joint Library Facility  |s JLF  |d Remote Storage  |t 0  |e HD30.28 .K3755 2002  |h Library of Congress classification  |i unmediated -- volume  |m A14828468457 
998 f f |a HD30.28 .K3755 2002  |t 0  |l Remote Storage